Manažerské techniky /

Salvato in:
Dettagli Bibliografici
Autore principale: Šuleř, Oldřich (Autore)
Natura: Libro
Lingua:ceco
Pubblicazione: Olomouc : Rubico, 1995
Edizione:1. vyd.
Soggetti:
Tags: Aggiungi Tag
Nessun Tag, puoi essere il primo ad aggiungerne!!

MARC

LEADER 00000nam a22000003a 4500
001 stu33170
005 20150617225733.9
008 980522s1995----xr------------------cze-d
020 |a 80-85839-06-7 
040 |a STU  |b slo 
041 0 |a cze 
044 |a xr 
080 |a 65.012.4 
100 1 |a Šuleř, Oldřich  |4 aut 
245 1 |a Manažerské techniky /  |c [aut.] Šuleř,Oldřich 
250 |a 1. vyd. 
260 |a Olomouc :  |b Rubico,  |c 1995 
300 |a 225 s 
650 7 |a Management  |2 estusub 
996 |b 284J016793  |c J*94047  |l JJSK  |s A  |a 24  |w stu33170_0001